| 000 | 00556nam a2200157 a 4500 | ||
|---|---|---|---|
| 008 | 120416s1974 ||||||||||||||||| || u | ||
| 050 | _aGN 395 Urb | ||
| 100 | _aCohen, Abner | ||
| 245 | 1 | 0 |
_aUrban ethnicity _cedited by Abner Cohen |
| 260 |
_aLondon _bTavistock _c[1974] |
||
| 300 | _axiv, 391p. | ||
| 350 | _a0.00 | ||
| 650 | _aURBANIZATION--ASIA, WESTERN | ||
| 650 | _aCITY PLANNING--ETHNICITY | ||
| 995 |
_D0.00 _FCBU-MAIN LIBRARY (Kitwe) _H1 _I11.00 _M1 _UAVAILABLE _ZMain Library Open Access Collection |
||
| 999 |
_c61011 _d61011 |
||